00415nam a2200133Ia 4500008004100000100001400041245007700055245001400132260001500146260000900161650003000170650002500200856005600225160216s9999 xx 000 0 und d aClark, I. 3aAn Historical geography of tourism in Victoria, Australia case studies / cI. Clark. bDe Gruyter c2014 xCase studies - Australia. xTourism - geography. uhttp://www.degruyter.com/viewbooktoc/product/430898